| 000 | 00510pam a2200193 a 4500 | ||
|---|---|---|---|
| 020 | _a0023791829 | ||
| 040 | _cDLC | ||
| 082 | 0 | 0 | _a519 DEL 1991 A059 Or. |
| 100 | 1 | _aMcClave, James T. | |
| 245 | 1 | 0 | _aStatistics for business and economics / |
| 250 | _a5th ed. | ||
| 260 |
_aSan Francisco : _bDellen, _cc1991. |
||
| 300 |
_axvii, 1228 p. : _bill. (some col.) ; _c27 cm. |
||
| 650 | 0 | _aCommercial statistics. | |
| 650 | 0 | _aEconomics | |
| 650 | 0 | _aStatistics. | |
| 700 | 1 | _aBenson, P. George, | |
| 942 | _cEK | ||
| 999 |
_c14722 _d14722 |
||